000
00205 a2200097 4500
001
48079
100
_a
Lal Moham
245
_a
Co ordinate geometry
260
_a
Lahore
_b
S chand
_c
090
_c
31055
_d
31055
942
_a
NUST-CAE
_c
M
_c
23398
999
_c
283152
_d
283152